000 00263nam a2200109 a 4500
005 20140414131957.0
008 110209s19uu xx 00 eng d
050 _aTR 551.55
_bM36 2006
100 _aMartin, Justin McCory
245 _aTornadoes!.
999 _c112956
_d112956